[Event "April 9 Early 2024"]
[Site "Chess.com"]
[Date "2024.04.09"]
[Round "1"]
[White "Gutierrez Olivares, Daniel"]
[Black "Agasarov, Benik"]
[Result "0-1"]
[Board "85"]
[WhiteFideId "2264005"]
[BlackFideId "13314823"]
[WhiteTitle "FM"]
[BlackTitle "FM"]
[WhiteElo "2496"]
[BlackElo "2849"]
[WhiteTeam "ESP"]
[BlackTeam "ARM"]
[WhiteClock "0:01:19"]
[BlackClock "0:02:04"]
[Variant "Standard"]

1. Nf3 {[%clk 0:02:51]}  d5 {[%clk 0:02:59]} 2. g3 {[%clk 0:02:52]}  Nf6 {[%clk 0:02:59]} 3. Bg2 {[%clk 0:02:44]}  e6 {[%clk 0:02:53]} 4. c4 {[%clk 0:02:45]}  Bd6 {[%clk 0:02:51]} 5. b3 {[%clk 0:02:43]}  O-O {[%clk 0:02:51]} 6. Bb2 {[%clk 0:02:44]}  Nc6 {[%clk 0:02:51]} 7. e3 {[%clk 0:02:44]}  Re8 {[%clk 0:02:50]} 8. O-O {[%clk 0:02:44]}  dxc4 {[%clk 0:02:49]} 9. bxc4 {[%clk 0:02:44]}  e5 {[%clk 0:02:49]} 10. d3 {[%clk 0:02:39]}  e4 {[%clk 0:02:44]} 11. Nd4 {[%clk 0:02:36]}  Nxd4 {[%clk 0:02:41]} 12. exd4 {[%clk 0:02:33]}  Bg4 {[%clk 0:02:35]} 13. f3 {[%clk 0:02:32]}  exf3 {[%clk 0:02:32]} 14. Bxf3 {[%clk 0:02:33]}  Bxf3 {[%clk 0:02:31]} 15. Qxf3 {[%clk 0:02:34]}  Bf8 {[%clk 0:02:23]} 16. Nc3 {[%clk 0:02:26]}  Qxd4+ {[%clk 0:02:22]} 17. Kh1 {[%clk 0:02:21]}  Qd7 {[%clk 0:02:21]} 18. Rad1 {[%clk 0:02:15]}  c6 {[%clk 0:02:18]} 19. Qg2 {[%clk 0:02:12]}  Re6 {[%clk 0:02:11]} 20. Qh3 {[%clk 0:02:05]}  Rd6 {[%clk 0:02:08]} 21. Qh4 {[%clk 0:01:54]}  Rxd3 {[%clk 0:02:05]} 22. Rxd3 {[%clk 0:01:19]}  Qxd3 {[%clk 0:02:06]} 23. Rxf6 {[%clk 0:01:19]}  gxf6 {[%clk 0:02:04]} 24. Ne4 {[%clk 0:01:19]}  Qf1# {[%clk 0:02:04]} 0-1

[Event "April 9 Early 2024"]
[Site "Chess.com"]
[Date "2024.04.09"]
[Round "1"]
[White "Filgueira, Hernan"]
[Black "Bardyk, Artem"]
[Result "1-0"]
[Board "87"]
[WhiteFideId "101770"]
[BlackFideId "34349979"]
[WhiteTitle "IM"]
[BlackTitle "CM"]
[WhiteElo "2495"]
[BlackElo "2847"]
[WhiteTeam "ARG"]
[BlackTeam "RUS"]
[WhiteClock "0:00:32"]
[BlackClock "0:00:01"]
[Variant "Standard"]

1. e4 {[%clk 0:02:40]}  d5 {[%clk 0:02:58]} 2. exd5 {[%clk 0:02:39]}  Qxd5 {[%clk 0:02:59]} 3. Nc3 {[%clk 0:02:38]}  Qe5+ {[%clk 0:02:59]} 4. Be2 {[%clk 0:02:36]}  Bg4 {[%clk 0:02:58]} 5. d4 {[%clk 0:02:37]}  Bxe2 {[%clk 0:02:58]} 6. Ngxe2 {[%clk 0:02:38]}  Qa5 {[%clk 0:02:58]} 7. O-O {[%clk 0:02:36]}  Nf6 {[%clk 0:02:58]} 8. a4 {[%clk 0:02:31]}  c6 {[%clk 0:02:55]} 9. b4 {[%clk 0:02:26]}  Qd8 {[%clk 0:02:53]} 10. b5 {[%clk 0:02:26]}  e6 {[%clk 0:02:53]} 11. Rb1 {[%clk 0:02:25]}  Qc8 {[%clk 0:02:48]} 12. Bf4 {[%clk 0:02:21]}  Be7 {[%clk 0:02:46]} 13. Qd3 {[%clk 0:02:17]}  O-O {[%clk 0:02:46]} 14. Ne4 {[%clk 0:02:11]}  Nbd7 {[%clk 0:02:34]} 15. c4 {[%clk 0:02:05]}  c5 {[%clk 0:02:21]} 16. d5 {[%clk 0:01:57]}  exd5 {[%clk 0:02:04]} 17. cxd5 {[%clk 0:01:56]}  Nxe4 {[%clk 0:01:57]} 18. Qxe4 {[%clk 0:01:55]}  Re8 {[%clk 0:01:58]} 19. Qf3 {[%clk 0:01:54]}  Bf6 {[%clk 0:01:52]} 20. Ng3 {[%clk 0:01:53]}  g6 {[%clk 0:01:37]} 21. Ne4 {[%clk 0:01:48]}  Be5 {[%clk 0:01:35]} 22. Be3 {[%clk 0:01:40]}  Qd8 {[%clk 0:01:29]} 23. Nxc5 {[%clk 0:01:33]}  Nxc5 {[%clk 0:01:28]} 24. Bxc5 {[%clk 0:01:32]}  Bxh2+ {[%clk 0:01:29]} 25. Kxh2 {[%clk 0:01:31]}  Qc7+ {[%clk 0:01:29]} 26. Kg1 {[%clk 0:01:24]}  Qxc5 {[%clk 0:01:30]} 27. Rfe1 {[%clk 0:01:21]}  Rxe1+ {[%clk 0:01:22]} 28. Rxe1 {[%clk 0:01:20]}  Rd8 {[%clk 0:01:20]} 29. d6 {[%clk 0:01:16]}  Qxd6 {[%clk 0:01:04]} 30. Qxb7 {[%clk 0:01:15]}  Qb4 {[%clk 0:01:05]} 31. Qe7 {[%clk 0:01:08]}  Rd4 {[%clk 0:00:32]} 32. Qe8+ {[%clk 0:01:04]}  Qf8 {[%clk 0:00:29]} 33. Qc6 {[%clk 0:01:01]}  Qb4 {[%clk 0:00:23]} 34. Qe8+ {[%clk 0:00:59]}  Kg7 {[%clk 0:00:17]} 35. Qe5+ {[%clk 0:00:58]}  Kh6 {[%clk 0:00:17]} 36. Qe3+ {[%clk 0:00:46]}  Kg7 {[%clk 0:00:13]} 37. Qe5+ {[%clk 0:00:46]}  Kh6 {[%clk 0:00:13]} 38. g3 {[%clk 0:00:43]}  Qxa4 {[%clk 0:00:06]} 39. Kg2 {[%clk 0:00:41]}  g5 {[%clk 0:00:01]} 40. Qf5 {[%clk 0:00:33]}  Kg7 {[%clk 0:00:01]} 41. Qxg5+ {[%clk 0:00:33]}  Kf8 {[%clk 0:00:01]} 42. Qh6+ {[%clk 0:00:33]}  Kg8 {[%clk 0:00:01]} 43. Re8# {[%clk 0:00:32]} 1-0

[Event "April 9 Early 2024"]
[Site "Chess.com"]
[Date "2024.04.09"]
[Round "1"]
[White "Zou, Chen"]
[Black "Berezin, Viktor"]
[Result "1-0"]
[Board "88"]
[WhiteFideId "8610959"]
[BlackFideId "14107872"]
[WhiteTitle "IM"]
[BlackTitle "FM"]
[WhiteElo "2846"]
[BlackElo "2494"]
[WhiteTeam "CHN"]
[BlackTeam "UKR"]
[WhiteClock "0:00:17"]
[BlackClock "0:00:10"]
[Variant "Standard"]

1. e4 {[%clk 0:03:00]}  g6 {[%clk 0:02:57]} 2. d4 {[%clk 0:02:59]}  Bg7 {[%clk 0:02:57]} 3. Nf3 {[%clk 0:02:58]}  d6 {[%clk 0:02:54]} 4. c3 {[%clk 0:02:58]}  Bg4 {[%clk 0:02:50]} 5. Nbd2 {[%clk 0:02:53]}  Nc6 {[%clk 0:02:47]} 6. h3 {[%clk 0:02:53]}  Bxf3 {[%clk 0:02:47]} 7. Nxf3 {[%clk 0:02:54]}  e5 {[%clk 0:02:47]} 8. Bb5 {[%clk 0:02:49]}  a6 {[%clk 0:02:42]} 9. Ba4 {[%clk 0:02:45]}  b5 {[%clk 0:02:41]} 10. Bb3 {[%clk 0:02:41]}  Nge7 {[%clk 0:02:32]} 11. O-O {[%clk 0:02:37]}  O-O {[%clk 0:02:30]} 12. Be3 {[%clk 0:02:26]}  exd4 {[%clk 0:02:27]} 13. cxd4 {[%clk 0:02:26]}  d5 {[%clk 0:02:28]} 14. exd5 {[%clk 0:02:15]}  Nxd5 {[%clk 0:02:27]} 15. Rc1 {[%clk 0:02:15]}  Na5 {[%clk 0:02:22]} 16. Rc5 {[%clk 0:02:05]}  Nb6 {[%clk 0:02:02]} 17. Bf4 {[%clk 0:01:54]}  Rc8 {[%clk 0:01:53]} 18. Rc1 {[%clk 0:01:35]}  Nac4 {[%clk 0:01:52]} 19. Qc2 {[%clk 0:01:28]}  Nd5 {[%clk 0:01:46]} 20. Bg3 {[%clk 0:01:26]}  Nb4 {[%clk 0:01:39]} 21. Qc3 {[%clk 0:01:23]}  Nd5 {[%clk 0:01:26]} 22. Qc2 {[%clk 0:01:23]}  Nb4 {[%clk 0:01:26]} 23. Qb1 {[%clk 0:01:23]}  Qd5 {[%clk 0:01:04]} 24. Ne5 {[%clk 0:01:09]}  Qxd4 {[%clk 0:00:57]} 25. Nxc4 {[%clk 0:01:09]}  bxc4 {[%clk 0:00:54]} 26. Rxc4 {[%clk 0:01:10]}  Qb6 {[%clk 0:00:54]} 27. Rd1 {[%clk 0:00:59]}  c5 {[%clk 0:00:45]} 28. Re4 {[%clk 0:00:49]}  Rfe8 {[%clk 0:00:31]} 29. Rd7 {[%clk 0:00:46]}  c4 {[%clk 0:00:29]} 30. Bxc4 {[%clk 0:00:43]}  Rf8 {[%clk 0:00:21]} 31. b3 {[%clk 0:00:40]}  Nc6 {[%clk 0:00:20]} 32. Bd6 {[%clk 0:00:21]}  Bd4 {[%clk 0:00:19]} 33. Qe1 {[%clk 0:00:18]}  Nb8 {[%clk 0:00:15]} 34. Bxb8 {[%clk 0:00:17]}  Rxb8 {[%clk 0:00:10]} 35. Rdxd4 {[%clk 0:00:17]} 1-0

[Event "April 9 Early 2024"]
[Site "Chess.com"]
[Date "2024.04.09"]
[Round "1"]
[White "Xie, Bryan"]
[Black "Schmakel, Sam"]
[Result "0-1"]
[Board "89"]
[WhiteFideId "30941296"]
[BlackFideId "2039311"]
[WhiteTitle "FM"]
[BlackTitle "IM"]
[WhiteElo "2493"]
[BlackElo "2844"]
[WhiteTeam "USA"]
[BlackTeam "USA"]
[WhiteClock "0:00:05"]
[BlackClock "0:00:44"]
[Variant "Standard"]

1. e4 {[%clk 0:03:00]}  e6 {[%clk 0:02:59]} 2. d4 {[%clk 0:03:00]}  d5 {[%clk 0:03:00]} 3. e5 {[%clk 0:03:01]}  c5 {[%clk 0:03:00]} 4. c3 {[%clk 0:03:01]}  Nc6 {[%clk 0:03:01]} 5. Nf3 {[%clk 0:03:02]}  Bd7 {[%clk 0:03:01]} 6. Be2 {[%clk 0:03:01]}  Nge7 {[%clk 0:03:01]} 7. O-O {[%clk 0:03:02]}  Ng6 {[%clk 0:03:01]} 8. Re1 {[%clk 0:03:02]}  Be7 {[%clk 0:02:55]} 9. Bd3 {[%clk 0:02:49]}  O-O {[%clk 0:02:46]} 10. a3 {[%clk 0:02:48]}  cxd4 {[%clk 0:02:30]} 11. cxd4 {[%clk 0:02:47]}  Qb6 {[%clk 0:02:30]} 12. Nc3 {[%clk 0:02:19]}  Nxd4 {[%clk 0:02:20]} 13. Nxd4 {[%clk 0:02:10]}  Qxd4 {[%clk 0:02:21]} 14. Bxg6 {[%clk 0:01:35]}  Qxd1 {[%clk 0:02:21]} 15. Bxh7+ {[%clk 0:01:23]}  Kxh7 {[%clk 0:02:21]} 16. Rxd1 {[%clk 0:01:24]}  f6 {[%clk 0:02:04]} 17. Bf4 {[%clk 0:01:20]}  Rac8 {[%clk 0:02:04]} 18. Rac1 {[%clk 0:01:19]}  Kg6 {[%clk 0:01:47]} 19. Ne2 {[%clk 0:01:15]}  Bc5 {[%clk 0:01:24]} 20. exf6 {[%clk 0:00:51]}  gxf6 {[%clk 0:01:24]} 21. Rxc5 {[%clk 0:00:46]}  Rxc5 {[%clk 0:01:25]} 22. Bd6 {[%clk 0:00:46]}  Rfc8 {[%clk 0:01:25]} 23. Bxc5 {[%clk 0:00:47]}  Rxc5 {[%clk 0:01:26]} 24. Rc1 {[%clk 0:00:47]}  b6 {[%clk 0:01:16]} 25. f4 {[%clk 0:00:25]}  e5 {[%clk 0:00:58]} 26. Kf2 {[%clk 0:00:19]}  d4 {[%clk 0:00:57]} 27. fxe5 {[%clk 0:00:18]}  fxe5 {[%clk 0:00:57]} 28. Rxc5 {[%clk 0:00:09]}  bxc5 {[%clk 0:00:57]} 29. Ng3 {[%clk 0:00:09]}  Bc6 {[%clk 0:00:57]} 30. h4 {[%clk 0:00:09]}  c4 {[%clk 0:00:56]} 31. Ne2 {[%clk 0:00:05]}  Kh5 {[%clk 0:00:51]} 32. g3 {[%clk 0:00:05]}  Kg4 {[%clk 0:00:51]} 33. Nc1 {[%clk 0:00:04]}  e4 {[%clk 0:00:45]} 34. b3 {[%clk 0:00:04]}  e3+ {[%clk 0:00:43]} 35. Ke2 {[%clk 0:00:04]}  Bf3+ {[%clk 0:00:44]} 36. Ke1 {[%clk 0:00:05]}  d3 {[%clk 0:00:44]} 37. bxc4 {[%clk 0:00:05]}  d2+ {[%clk 0:00:44]} 0-1

[Event "April 9 Early 2024"]
[Site "Chess.com"]
[Date "2024.04.09"]
[Round "1"]
[White "Bazilius, Augustinas"]
[Black "Onyshchuk, Volodymyr"]
[Result "0-1"]
[Board "95"]
[WhiteFideId "12832251"]
[BlackFideId "14114038"]
[WhiteTitle "CM"]
[BlackTitle "GM"]
[WhiteElo "2489"]
[BlackElo "2832"]
[WhiteTeam "LTU"]
[BlackTeam "UKR"]
[WhiteClock "0:00:02"]
[BlackClock "0:01:40"]
[Variant "Standard"]

1. d4 {[%clk 0:03:00]}  d6 {[%clk 0:02:59]} 2. Nf3 {[%clk 0:03:00]}  g6 {[%clk 0:02:59]} 3. g3 {[%clk 0:03:00]}  Bg7 {[%clk 0:02:59]} 4. Bg2 {[%clk 0:03:01]}  Nf6 {[%clk 0:02:59]} 5. O-O {[%clk 0:03:01]}  O-O {[%clk 0:03:00]} 6. c4 {[%clk 0:03:02]}  Nc6 {[%clk 0:03:00]} 7. Nc3 {[%clk 0:03:00]}  e5 {[%clk 0:03:00]} 8. dxe5 {[%clk 0:02:57]}  dxe5 {[%clk 0:03:00]} 9. Bg5 {[%clk 0:02:57]}  h6 {[%clk 0:02:57]} 10. Qxd8 {[%clk 0:02:51]}  Rxd8 {[%clk 0:02:57]} 11. Bxf6 {[%clk 0:02:50]}  Bxf6 {[%clk 0:02:58]} 12. Nd5 {[%clk 0:02:44]}  Bg7 {[%clk 0:02:58]} 13. Nxc7 {[%clk 0:02:37]}  Rb8 {[%clk 0:02:58]} 14. Rab1 {[%clk 0:01:38]}  e4 {[%clk 0:02:43]} 15. Ne1 {[%clk 0:01:33]}  Bf5 {[%clk 0:02:40]} 16. e3 {[%clk 0:01:26]}  Rd2 {[%clk 0:02:37]} 17. b4 {[%clk 0:01:15]}  Ne5 {[%clk 0:02:13]} 18. Nd5 {[%clk 0:00:31]}  Nxc4 {[%clk 0:02:00]} 19. Ne7+ {[%clk 0:00:29]}  Kf8 {[%clk 0:02:00]} 20. Nxf5 {[%clk 0:00:25]}  gxf5 {[%clk 0:02:00]} 21. Rc1 {[%clk 0:00:21]}  b5 {[%clk 0:01:56]} 22. Nc2 {[%clk 0:00:17]}  Bb2 {[%clk 0:01:55]} 23. Nd4 {[%clk 0:00:10]}  Bxc1 {[%clk 0:01:54]} 24. Rxc1 {[%clk 0:00:11]}  Rxa2 {[%clk 0:01:53]} 25. Nxf5 {[%clk 0:00:11]}  Nd2 {[%clk 0:01:42]} 26. Nxh6 {[%clk 0:00:06]}  a5 {[%clk 0:01:41]} 27. bxa5 {[%clk 0:00:07]}  b4 {[%clk 0:01:41]} 28. Nf5 {[%clk 0:00:03]}  b3 {[%clk 0:01:40]} 29. Rc6 {[%clk 0:00:03]}  b2 {[%clk 0:01:40]} 30. Rh6 {[%clk 0:00:02]}  b1=Q+ {[%clk 0:01:40]} 0-1

[Event "April 9 Early 2024"]
[Site "Chess.com"]
[Date "2024.04.09"]
[Round "1"]
[White "Shuvalova, Polina"]
[Black "Smiech, Sara"]
[Result "1-0"]
[Board "96"]
[WhiteFideId "24171760"]
[BlackFideId "91102863"]
[WhiteTitle "IM"]
[WhiteElo "2819"]
[BlackElo "2486"]
[WhiteTeam "FID"]
[BlackTeam "POL"]
[WhiteClock "0:01:05"]
[BlackClock "0:00:54"]
[Variant "Standard"]

1. e4 {[%clk 0:03:00]}  c5 {[%clk 0:02:59]} 2. Nf3 {[%clk 0:02:59]}  g6 {[%clk 0:02:57]} 3. c3 {[%clk 0:02:57]}  Bg7 {[%clk 0:02:56]} 4. d4 {[%clk 0:02:57]}  cxd4 {[%clk 0:02:57]} 5. cxd4 {[%clk 0:02:58]}  d5 {[%clk 0:02:57]} 6. e5 {[%clk 0:02:57]}  Nh6 {[%clk 0:02:56]} 7. Nc3 {[%clk 0:02:48]}  O-O {[%clk 0:02:55]} 8. Be2 {[%clk 0:02:45]}  Nc6 {[%clk 0:02:54]} 9. h3 {[%clk 0:02:43]}  Bf5 {[%clk 0:02:54]} 10. O-O {[%clk 0:02:43]}  Be4 {[%clk 0:02:54]} 11. Ng5 {[%clk 0:02:37]}  Nf5 {[%clk 0:02:46]} 12. Be3 {[%clk 0:02:23]}  h6 {[%clk 0:02:37]} 13. Ngxe4 {[%clk 0:02:19]}  dxe4 {[%clk 0:02:37]} 14. Nxe4 {[%clk 0:02:08]}  Ncxd4 {[%clk 0:02:34]} 15. Bg4 {[%clk 0:02:05]}  Bxe5 {[%clk 0:02:24]} 16. Qd2 {[%clk 0:02:00]}  Nxe3 {[%clk 0:02:14]} 17. Qxe3 {[%clk 0:01:50]}  Nc2 {[%clk 0:02:14]} 18. Qxh6 {[%clk 0:01:46]}  Bg7 {[%clk 0:02:13]} 19. Qh4 {[%clk 0:01:46]}  Nxa1 {[%clk 0:02:06]} 20. Ng5 {[%clk 0:01:44]}  Re8 {[%clk 0:02:05]} 21. Be6 {[%clk 0:01:34]}  fxe6 {[%clk 0:01:27]} 22. Qh7+ {[%clk 0:01:32]}  Kf8 {[%clk 0:01:27]} 23. Qxg6 {[%clk 0:01:27]}  Kg8 {[%clk 0:00:54]} 24. Nxe6 {[%clk 0:01:05]} 1-0

[Event "April 9 Early 2024"]
[Site "Chess.com"]
[Date "2024.04.09"]
[Round "1"]
[White "Niranjan Navalgund"]
[Black "Hulka, Valentyn"]
[Result "0-1"]
[Board "101"]
[WhiteFideId "5030854"]
[BlackFideId "34107061"]
[WhiteTitle "FM"]
[BlackTitle "FM"]
[WhiteElo "2478"]
[BlackElo "2810"]
[WhiteTeam "IND"]
[BlackTeam "UKR"]
[WhiteClock "0:01:15"]
[BlackClock "0:00:27"]
[Variant "Standard"]

1. e4 {[%clk 0:03:00]}  c5 {[%clk 0:03:00]} 2. Nf3 {[%clk 0:03:00]}  Nf6 {[%clk 0:03:00]} 3. e5 {[%clk 0:03:00]}  Nd5 {[%clk 0:03:00]} 4. Nc3 {[%clk 0:03:00]}  e6 {[%clk 0:03:01]} 5. h4 {[%clk 0:03:00]}  Nc6 {[%clk 0:03:00]} 6. d3 {[%clk 0:02:54]}  Nxc3 {[%clk 0:02:48]} 7. bxc3 {[%clk 0:02:50]}  d6 {[%clk 0:02:48]} 8. Bf4 {[%clk 0:02:31]}  d5 {[%clk 0:02:17]} 9. d4 {[%clk 0:02:28]}  Bd7 {[%clk 0:02:15]} 10. h5 {[%clk 0:02:27]}  h6 {[%clk 0:02:14]} 11. Rb1 {[%clk 0:02:24]}  Qa5 {[%clk 0:02:09]} 12. Bd2 {[%clk 0:02:20]}  Qc7 {[%clk 0:02:01]} 13. Bb5 {[%clk 0:02:18]}  a6 {[%clk 0:01:58]} 14. Be2 {[%clk 0:02:17]}  c4 {[%clk 0:01:53]} 15. O-O {[%clk 0:02:17]}  O-O-O {[%clk 0:01:49]} 16. a4 {[%clk 0:02:17]}  g5 {[%clk 0:01:39]} 17. hxg6 {[%clk 0:02:15]}  fxg6 {[%clk 0:01:40]} 18. Nh4 {[%clk 0:02:13]}  Ne7 {[%clk 0:01:41]} 19. f4 {[%clk 0:02:12]}  Bxa4 {[%clk 0:01:34]} 20. Qc1 {[%clk 0:01:58]}  Rg8 {[%clk 0:01:31]} 21. Qa3 {[%clk 0:01:57]}  Bxc2 {[%clk 0:01:26]} 22. Rb2 {[%clk 0:01:56]}  Nf5 {[%clk 0:01:26]} 23. Qa2 {[%clk 0:01:55]}  Bb3 {[%clk 0:01:25]} 24. Rxb3 {[%clk 0:01:55]}  cxb3 {[%clk 0:01:26]} 25. Qxb3 {[%clk 0:01:55]}  Nxh4 {[%clk 0:01:26]} 26. c4 {[%clk 0:01:56]}  Nf5 {[%clk 0:01:16]} 27. Bd3 {[%clk 0:01:49]}  dxc4 {[%clk 0:01:08]} 28. Bxc4 {[%clk 0:01:47]}  Nxd4 {[%clk 0:01:09]} 29. Qa2 {[%clk 0:01:44]}  Bc5 {[%clk 0:01:07]} 30. Kh2 {[%clk 0:01:42]}  g5 {[%clk 0:01:03]} 31. Ba5 {[%clk 0:01:42]}  Bb6 {[%clk 0:01:00]} 32. Bxe6+ {[%clk 0:01:40]}  Kb8 {[%clk 0:00:40]} 33. Bxb6 {[%clk 0:01:29]}  Qxb6 {[%clk 0:00:41]} 34. Bxg8 {[%clk 0:01:29]}  gxf4 {[%clk 0:00:41]} 35. Rb1 {[%clk 0:01:22]}  Qg6 {[%clk 0:00:37]} 36. Bd5 {[%clk 0:01:19]}  Rxd5 {[%clk 0:00:24]} 37. Rxb7+ {[%clk 0:01:16]}  Kxb7 {[%clk 0:00:24]} 38. Qxd5+ {[%clk 0:01:16]}  Nc6 {[%clk 0:00:25]} 39. e6 {[%clk 0:01:15]}  Qf6 {[%clk 0:00:22]} 40. Qd7+ {[%clk 0:01:14]}  Kb6 {[%clk 0:00:22]} 41. Qd6 {[%clk 0:01:13]}  Qh4+ {[%clk 0:00:20]} 42. Kg1 {[%clk 0:01:12]}  Qe1+ {[%clk 0:00:21]} 43. Kh2 {[%clk 0:01:12]}  Qh4+ {[%clk 0:00:22]} 44. Kg1 {[%clk 0:01:13]}  Qf6 {[%clk 0:00:21]} 45. Kh2 {[%clk 0:01:12]}  Qe5 {[%clk 0:00:20]} 46. Qxe5 {[%clk 0:01:12]}  Nxe5 {[%clk 0:00:21]} 47. e7 {[%clk 0:01:12]}  Ng4+ {[%clk 0:00:21]} 48. Kh3 {[%clk 0:01:13]}  Nf6 {[%clk 0:00:22]} 49. Kh4 {[%clk 0:01:13]}  Kc6 {[%clk 0:00:23]} 50. g4 {[%clk 0:01:14]}  fxg3 {[%clk 0:00:23]} 51. Kxg3 {[%clk 0:01:12]}  Kd7 {[%clk 0:00:23]} 52. e8=Q+ {[%clk 0:01:12]}  Kxe8 {[%clk 0:00:23]} 53. Kf4 {[%clk 0:01:13]}  a5 {[%clk 0:00:24]} 54. Kf5 {[%clk 0:01:14]}  a4 {[%clk 0:00:25]} 55. Kg6 {[%clk 0:01:14]}  a3 {[%clk 0:00:26]} 56. Kg7 {[%clk 0:01:14]}  a2 {[%clk 0:00:27]} 57. Kh8 {[%clk 0:01:14]}  a1=Q {[%clk 0:00:27]} 58. Kg7 {[%clk 0:01:12]}  h5 {[%clk 0:00:27]} 59. Kh6 {[%clk 0:01:12]}  h4 {[%clk 0:00:28]} 60. Kg5 {[%clk 0:01:13]}  h3 {[%clk 0:00:28]} 61. Kh4 {[%clk 0:01:13]}  h2 {[%clk 0:00:28]} 62. Kg3 {[%clk 0:01:14]}  h1=Q {[%clk 0:00:28]} 63. Kf2 {[%clk 0:01:15]}  Qh2+ {[%clk 0:00:28]} 64. Kf3 {[%clk 0:01:15]}  Qc3# {[%clk 0:00:27]} 0-1

[Event "April 9 Early 2024"]
[Site "Chess.com"]
[Date "2024.04.09"]
[Round "1"]
[White "Leiva, Gianmarco"]
[Black "Van Dael, Siem"]
[Result "1-0"]
[Board "102"]
[WhiteFideId "3804399"]
[BlackFideId "1049771"]
[WhiteTitle "IM"]
[BlackTitle "FM"]
[WhiteElo "2809"]
[BlackElo "2478"]
[WhiteTeam "PER"]
[BlackTeam "NED"]
[WhiteClock "0:01:11"]
[BlackClock "0:00:11"]
[Variant "Standard"]

1. e4 {[%clk 0:03:00]}  e5 {[%clk 0:02:57]} 2. Nf3 {[%clk 0:02:58]}  Nc6 {[%clk 0:02:57]} 3. Bc4 {[%clk 0:02:58]}  Nf6 {[%clk 0:02:57]} 4. d3 {[%clk 0:02:59]}  Bc5 {[%clk 0:02:56]} 5. O-O {[%clk 0:02:59]}  O-O {[%clk 0:02:56]} 6. h3 {[%clk 0:02:52]}  d6 {[%clk 0:02:55]} 7. c3 {[%clk 0:02:51]}  a5 {[%clk 0:02:53]} 8. Re1 {[%clk 0:02:49]}  h6 {[%clk 0:02:52]} 9. Nbd2 {[%clk 0:02:50]}  Be6 {[%clk 0:02:48]} 10. Bb5 {[%clk 0:02:50]}  Qb8 {[%clk 0:02:44]} 11. Nf1 {[%clk 0:02:49]}  Qa7 {[%clk 0:02:36]} 12. Qc2 {[%clk 0:02:47]}  Ne7 {[%clk 0:02:25]} 13. Be3 {[%clk 0:01:53]}  c6 {[%clk 0:02:16]} 14. Ba4 {[%clk 0:01:53]}  Ng6 {[%clk 0:02:11]} 15. Bb3 {[%clk 0:01:50]}  a4 {[%clk 0:01:46]} 16. Bxe6 {[%clk 0:01:50]}  fxe6 {[%clk 0:01:46]} 17. d4 {[%clk 0:01:50]}  exd4 {[%clk 0:01:45]} 18. cxd4 {[%clk 0:01:48]}  Bb4 {[%clk 0:01:40]} 19. e5 {[%clk 0:01:48]}  Bxe1 {[%clk 0:01:26]} 20. Qxg6 {[%clk 0:01:48]}  Bb4 {[%clk 0:01:11]} 21. Bxh6 {[%clk 0:01:44]}  b5 {[%clk 0:00:49]} 22. Ng5 {[%clk 0:01:32]}  dxe5 {[%clk 0:00:49]} 23. dxe5 {[%clk 0:01:23]}  Bd2 {[%clk 0:00:36]} 24. exf6 {[%clk 0:01:17]}  Bxg5 {[%clk 0:00:34]} 25. Bxg7 {[%clk 0:01:13]}  Bh4 {[%clk 0:00:16]} 26. Bxf8+ {[%clk 0:01:10]}  Kxf8 {[%clk 0:00:16]} 27. Qh6+ {[%clk 0:01:10]}  Kf7 {[%clk 0:00:17]} 28. Qxh4 {[%clk 0:01:11]}  Rg8 {[%clk 0:00:11]} 29. Qh7+ {[%clk 0:01:11]} 1-0

[Event "April 9 Early 2024"]
[Site "Chess.com"]
[Date "2024.04.09"]
[Round "1"]
[White "Rangel, Daniel"]
[Black "Wong, Yinn Long"]
[Result "1/2-1/2"]
[Board "109"]
[WhiteFideId "2124475"]
[BlackFideId "5707684"]
[WhiteTitle "FM"]
[BlackTitle "FM"]
[WhiteElo "2468"]
[BlackElo "2800"]
[WhiteTeam "BRA"]
[BlackTeam "MAS"]
[WhiteClock "0:00:03"]
[BlackClock "0:00:09"]
[Variant "Standard"]

1. d4 {[%clk 0:02:59]}  d5 {[%clk 0:02:58]} 2. c4 {[%clk 0:02:58]}  c6 {[%clk 0:02:59]} 3. cxd5 {[%clk 0:02:57]}  cxd5 {[%clk 0:02:59]} 4. Nc3 {[%clk 0:02:58]}  e5 {[%clk 0:03:00]} 5. Nf3 {[%clk 0:02:54]}  e4 {[%clk 0:02:59]} 6. Nd2 {[%clk 0:02:53]}  Nc6 {[%clk 0:02:57]} 7. e3 {[%clk 0:02:52]}  f5 {[%clk 0:02:56]} 8. Be2 {[%clk 0:02:50]}  Nf6 {[%clk 0:02:56]} 9. O-O {[%clk 0:02:50]}  Bd6 {[%clk 0:02:57]} 10. f4 {[%clk 0:02:49]}  exf3 {[%clk 0:02:55]} 11. Bxf3 {[%clk 0:02:48]}  Be6 {[%clk 0:02:50]} 12. Nb3 {[%clk 0:02:46]}  O-O {[%clk 0:02:50]} 13. Nc5 {[%clk 0:02:45]}  Bxc5 {[%clk 0:02:45]} 14. dxc5 {[%clk 0:02:45]}  Ne4 {[%clk 0:02:46]} 15. Bd2 {[%clk 0:02:25]}  Nxc5 {[%clk 0:02:39]} 16. Be1 {[%clk 0:02:20]}  Ne4 {[%clk 0:02:37]} 17. Bxe4 {[%clk 0:02:06]}  dxe4 {[%clk 0:02:31]} 18. Bg3 {[%clk 0:02:05]}  Qb6 {[%clk 0:02:29]} 19. Nd5 {[%clk 0:01:54]}  Bxd5 {[%clk 0:02:25]} 20. Qxd5+ {[%clk 0:01:54]}  Kh8 {[%clk 0:02:26]} 21. Qb3 {[%clk 0:01:49]}  Qxb3 {[%clk 0:02:22]} 22. axb3 {[%clk 0:01:50]}  g6 {[%clk 0:02:22]} 23. Rfd1 {[%clk 0:01:48]}  Rfd8 {[%clk 0:02:22]} 24. Bh4 {[%clk 0:01:46]}  Rd3 {[%clk 0:01:33]} 25. Rxd3 {[%clk 0:01:38]}  exd3 {[%clk 0:01:34]} 26. Rd1 {[%clk 0:01:38]}  Re8 {[%clk 0:01:14]} 27. Rxd3 {[%clk 0:01:35]}  b6 {[%clk 0:01:12]} 28. Bf6+ {[%clk 0:01:28]}  Kg8 {[%clk 0:01:12]} 29. Rd7 {[%clk 0:01:29]}  Rxe3 {[%clk 0:01:08]} 30. Rg7+ {[%clk 0:01:29]}  Kf8 {[%clk 0:01:09]} 31. Rxh7 {[%clk 0:01:28]}  Rxb3 {[%clk 0:01:08]} 32. Rc7 {[%clk 0:01:27]}  Nb4 {[%clk 0:01:05]} 33. Rxa7 {[%clk 0:01:25]}  Nd3 {[%clk 0:01:01]} 34. Ra3 {[%clk 0:01:10]}  Rxa3 {[%clk 0:00:55]} 35. bxa3 {[%clk 0:01:11]}  Kf7 {[%clk 0:00:56]} 36. Bc3 {[%clk 0:01:06]}  Ke6 {[%clk 0:00:53]} 37. a4 {[%clk 0:01:04]}  Kd5 {[%clk 0:00:47]} 38. a5 {[%clk 0:01:03]}  b5 {[%clk 0:00:47]} 39. a6 {[%clk 0:01:03]}  Kc6 {[%clk 0:00:47]} 40. a7 {[%clk 0:01:01]}  Kb7 {[%clk 0:00:47]} 41. Bd4 {[%clk 0:01:02]}  b4 {[%clk 0:00:45]} 42. Kf1 {[%clk 0:01:02]}  b3 {[%clk 0:00:46]} 43. Ke2 {[%clk 0:00:55]}  Nf4+ {[%clk 0:00:33]} 44. Kf3 {[%clk 0:00:42]}  Ne6 {[%clk 0:00:33]} 45. Bh8 {[%clk 0:00:38]}  Kxa7 {[%clk 0:00:33]} 46. g4 {[%clk 0:00:38]}  Kb6 {[%clk 0:00:32]} 47. gxf5 {[%clk 0:00:34]}  gxf5 {[%clk 0:00:33]} 48. h4 {[%clk 0:00:34]}  Kc5 {[%clk 0:00:34]} 49. h5 {[%clk 0:00:33]}  Kc4 {[%clk 0:00:23]} 50. Ba1 {[%clk 0:00:23]}  Kd3 {[%clk 0:00:22]} 51. h6 {[%clk 0:00:20]}  Kc2 {[%clk 0:00:19]} 52. Be5 {[%clk 0:00:19]}  Ng5+ {[%clk 0:00:10]} 53. Kf4 {[%clk 0:00:17]}  Nf7 {[%clk 0:00:10]} 54. h7 {[%clk 0:00:12]}  Nxe5 {[%clk 0:00:11]} 55. h8=Q {[%clk 0:00:11]}  Nd3+ {[%clk 0:00:11]} 56. Kxf5 {[%clk 0:00:10]}  b2 {[%clk 0:00:11]} 57. Qh2+ {[%clk 0:00:09]}  Kc3 {[%clk 0:00:10]} 58. Qh8+ {[%clk 0:00:08]}  Kc2 {[%clk 0:00:10]} 59. Qh2+ {[%clk 0:00:08]}  Kb3 {[%clk 0:00:10]} 60. Qb8+ {[%clk 0:00:05]}  Kc2 {[%clk 0:00:10]} 61. Qc7+ {[%clk 0:00:05]}  Kd2 {[%clk 0:00:10]} 62. Qb6 {[%clk 0:00:04]}  Kc3 {[%clk 0:00:09]} 63. Qxb2+ {[%clk 0:00:03]}  Nxb2 {[%clk 0:00:09]} 1/2-1/2